Thil hongtung ding tangpi: (Record no. 8775)

MARC details
000 -LEADER
fixed length control field 00479nam a22001697a 4500
003 - CONTROL NUMBER IDENTIFIER
control field GBCCL
005 - DATE AND TIME OF LATEST TRANSACTION
control field 20241126110658.0
008 - FIXED-LENGTH DATA ELEMENTS--GENERAL INFORMATION
fixed length control field 211008b ||||| |||| 00| 0 eng d
040 ## - CATALOGING SOURCE
Transcribing agency gbc
082 ## - DEWEY DECIMAL CLASSIFICATION NUMBER
Classification number 236
Item number DUN
100 ## - MAIN ENTRY--PERSONAL NAME
Personal name Duncan, Homer
9 (RLIN) 2974
245 ## - TITLE STATEMENT
Title Thil hongtung ding tangpi:
Remainder of title an outline of things to come /
Statement of responsibility, etc. adapted in Paite by K Pauzachin Guite
260 ## - PUBLICATION, DISTRIBUTION, ETC.
Place of publication, distribution, etc. Imphal :
Name of publisher, distributor, etc. L T Tawmna ,
Date of publication, distribution, etc. 1977.
300 ## - PHYSICAL DESCRIPTION
Extent 54p. ;
650 ## - SUBJECT ADDED ENTRY--TOPICAL TERM
Topical term or geographic name entry element Eschatology
9 (RLIN) 2009
942 ## - ADDED ENTRY ELEMENTS (KOHA)
Source of classification or shelving scheme Dewey Decimal Classification
Koha item type Books
Koha issues (borrowed), all copies 1
Holdings
Withdrawn status Lost status Source of classification or shelving scheme Damaged status Not for loan Home library Current Library Shelving location Date acquired Total checkouts Full call number Barcode Date last seen Date last checked out Copy number Price effective from Koha item type
    Dewey Decimal Classification     GRACE BIBLE COLLEGE GRACE BIBLE COLLEGE Vernacular 2021-10-08 1 VER 236 DUN 004607 2025-05-01 2022-08-26 c.1 2021-10-08 Books
© Grace Bible College Library 2025